Häufigste Schreibfehler mit U (Multiple Choice) - Statistiken

Allgemein
  • Dieses Quiz wurde 44 mal gespielt
  • Das Durchschnittsergebnis liegt bei 4 aus 5
Antwortstatistiken
Frage Antwort % Korrekt
Welche Schreibweise ist richtig? unendlich
100%
Welche Schreibweise ist richtig? ums
90%
Welche Schreibweise ist richtig? unters
80%
Welche Schreibweise ist richtig? übers
75%
Welche Schreibweise ist richtig? unentgeltlich
55%
Keine übereinstimmenden Quizze gefunden
Verteilung der Resultate
Anzahl Personen mit jedem Resultat
Perzentil nach korrekt beantworteten Fragen
Ihre Resultats-Entwicklung
Sie haben dieses Quiz noch nicht gespielt